000 00576nam a2200205Ia 4500
005 20250508170202.0
008 008 250505s9999 xx 000 0 eng d
020 _a978-93-90658-93-0
037 _aTextBook
040 _aFEDL
_beng
_cFEDL
041 _aeng
_2eng
084 _a378.54, SHAR
_qFEDL
100 _aShah Mehraj Ud Din
_9783359
245 0 _aQuality of work life in higher education
260 _aNew Delhi, India
_bSarup Book
_c2017
300 _axxi, 325p.
365 _aINR
_b1200
942 _cTB
_h378.54, SHAR
999 _c1399673
_d1399673